Joueurs de foot en anagrammes - Statistiques

Statistiques générales
  • Ce quiz a été pris 377 fois
  • Le résultat moyen est 14 sur 20
Statistiques - réponses
Anagramme Joueur % Correct
smesi Messi
100%
dhaaaln Haaland
93%
olarond Ronaldo
93%
nake Kane
92%
teporla Laporte
83%
yapet Payet
82%
hasal Salah
80%
lbae Bale
77%
said Dias
75%
mzareh Mahrez
75%
silorl Lloris
73%
nivaca Cavani
71%
mouepcana Upamecano
70%
shfarodr Rashford
64%
rommes Sommer
63%
oirtousc Courtois
59%
digeurr Rudiger
51%
hsimone Osimhen
35%
temer Meret
29%
luadep De paul
25%
Aucun quiz correspondant
Distribution des résultats
% des personnes avec chaque résultat
Percentile par nombre de réponses
Votre historique - résultats
Vous n’avez pas pris ce quiz